000 00869nam a2200313Ia 4500
003 OSt
005 20220912151050.0
006 a|||||r|||| 00| 0
007 ta
008 220909b |||||||| |||| 00| 0 eng d
020 _a1931777012 (pbk)
024 _a10227
037 _bGovinda,
037 _cTextbook
040 _aCSL
_beng
_cCSL
041 _aeng
082 _aD65,8(B)0bL, P2
100 _aArmoni Adi
245 0 _aEffective healthcare information systems
260 _aHershey
_bIRM Press
_c2002
300 _ax, 322p
500 _aIncludes bibliographical references; Index 317-322p
650 _a Computer networks
650 _a Health services administration
650 _a Medical care
650 _aComputer scicence
942 _hD65,8(B)0bL, P2
_cTB
_2CC
999 _c60535
_d60535